Willmington's survey of the Old Testament : (Record no. 1896)

MARC details
000 -LEADER
fixed length control field 00796nam a2200241 4500
001 - CONTROL NUMBER
control field 15324605
003 - CONTROL NUMBER IDENTIFIER
control field OSt
005 - DATE AND TIME OF LATEST TRANSACTION
control field 20180921173333.0
008 - FIXED-LENGTH DATA ELEMENTS--GENERAL INFORMATION
fixed length control field 00026401987 ilua 001 0 eng
010 ## - LIBRARY OF CONGRESS CONTROL NUMBER
LC control number 86063141
040 ## - CATALOGING SOURCE
Original cataloging agency DLC
Transcribing agency DLC
Modifying agency ATH
050 0# - LIBRARY OF CONGRESS CALL NUMBER
Classification number BS1171.2
Item number .W57 1987
082 ## - DEWEY DECIMAL CLASSIFICATION NUMBER
Classification number REF 220.6
Item number W737S
100 1# - MAIN ENTRY--PERSONAL NAME
Personal name Willmington, H. L.
240 10 - UNIFORM TITLE
Uniform title Survey of the Old Testament
245 10 - TITLE STATEMENT
Title Willmington's survey of the Old Testament :
Remainder of title an overview of the scriptures from creation to Christ /
Statement of responsibility, etc. Harold L. Willmington.
246 33 - VARYING FORM OF TITLE
Title proper/short title Survey of the Old Testament.
260 ## - PUBLICATION, DISTRIBUTION, ETC.
Place of publication, distribution, etc. Wheaton, Ill. :
Name of publisher, distributor, etc. Victor Books,
Date of publication, distribution, etc. c1987.
300 ## - PHYSICAL DESCRIPTION
Extent 615 p. :
Other physical details ill. (some col.) ;
Dimensions 26 cm.
500 ## - GENERAL NOTE
General note Includes index.
630 00 - SUBJECT ADDED ENTRY--UNIFORM TITLE
Uniform title Bible.
Name of part/section of a work Old Testament
General subdivision Criticism, interpretation, etc.
942 ## - ADDED ENTRY ELEMENTS (KOHA)
Source of classification or shelving scheme Dewey Decimal Classification
Koha item type Books
Holdings
Withdrawn status Lost status Source of classification or shelving scheme Damaged status Not for loan Collection code Home library Current library Shelving location Date acquired Cost, normal purchase price Total Checkouts Full call number Barcode Date last seen Price effective from Koha item type
    Dewey Decimal Classification     Non-fiction Harvest Mission College Harvest Mission College General Stacks 21.09.2018 360.00   REF 220.6 W737S 000779 21.09.2018 21.09.2018 Books

OPAC Designed and Maintained by HMC Library Team.
Copyright © HMC Library,Greater Noida, UP.
For any Suggestions/Query Contact library via Email:libhmc@gmail.com